| 000 | 00924nam2a2200253 4500 | ||
|---|---|---|---|
| 001 | rc\2853821 | ||
| 005 | 20260406044433.0 | ||
| 035 | _a(NLR Aleph) 007008556 | ||
| 090 |
_a13576931 _c13576931 |
||
| 100 | _a20110706d1928 u y0rusy50 ca | ||
| 101 | 0 | _arus | |
| 102 | _aRU | ||
| 105 | _aa z ||||| | ||
| 200 | 1 | _aСаратовская мордва | |
| 210 | _d[1928] | ||
| 215 |
_a4 с. _cил. |
||
| 461 | 0 |
_1001rc\2853817 _12001#$a[Издания]$e№ 1-19$v№ 4 _95790954 _aСаратовский краевой музей _c[Саратов] _d[1928] _nБ. и. _o№ 1-19 _p19 т. _t[Издания] _v№ 4 |
|
| 700 | 1 |
_4070 _8rus _7ca _aСтепанов _bП. Д. _cд-р ист. наук, археолог _f1898-1974 _gПавел Дмитриевич _3RU\NLR\AUTH\774298 _9114280 |
|
| 801 | 0 |
_aRU _bNLR _gpsbo |
|
| 801 | 1 |
_aRU _bELAR _2rusmarc |
|
| 852 |
_aNLR _j61/274 |
||
| 942 | _cUNSPEC | ||
| 980 | _aNB | ||